000 00477nam a2200181Ia 4500
005 20250326124158.0
008 250326s9999 xx 000 0 und d
037 _aTextbook
040 _aFMSL
_beng
_cFMSL
041 _aeng
_2eng
084 _aX:51 L1
_qFMSL
100 _aZif J J
245 0 _aMarketing a new product
_cZif J J; Ayal L And Others
260 _aNY
_bNY, Macmillan
_c1971
300 _a90p
942 _cTB
_hX:51 L1
999 _c1272608
_d1272608